000
00281nam a22001337a 4500
008
170915b xxu||||| |||| 00| 0 eng d
020
_a
9780714836256
041
_a
eng
080
_a
7
100
_a
44
101
_a
ART
245
_a
THE ART BOOK
_c
PHAIDON
942
_2
udc
_c
BK
999
_c
27792
_d
27792